000 00586nam a2200205Ii 4500
003 JO-AjNU
008 230605s9999||||xx |||||||||||||| ||und||
040 _aJO-AjNU
_bara
_erda
_cJO-AjNU
041 _aara
050 1 4 _aPJ7808 2009
100 3 _aعودة، ريتا ,
_eauthor
_957567
245 0 0 _aانا جنونك
250 _aط1
264 3 1 _aد.م: المولفة ،2009
300 _a108ص
336 _atext
_btxt
_2rdacontent
337 _aunmediated
_bn
_2rdamedia
338 _avolume
_bnc
_2rdacarrier
650 4 _aقصص عربية -العصر الحديث
_957568
999 _aA25806
_c29374
_d29374